000 00964cam a2200217 4500
001 WB3739-27
008 011016n2001 000 0 eng u
035 _a(Sirsi) u115144
245 _aRural boundaries for rate relief
260 _c2001
490 _aDTLR News Release
_v(434) 15 October 2001, (2)
520 _aGovernment plans to review the way rural areas are identified to receive rate relief under the village shop rate relief scheme. It is proposed that the areas are identified by reference to maps which will make the scheme easier to administer and easier for rural businesses to know whether they qualify for rate relief. Consultation paper and proposed maps are available at http://www.dtlr.gov.uk.
590 _aWB
650 _aRATE RELIEF
650 _aRURAL BUSINESSES
650 _aVILLAGE SHOP RATE RELIEF SCHEME
650 _aRURAL BOUNDARIES
650 _aRURAL COMMUNITIES
690 _aRATING AND LOCAL TAXATION
942 _n0
999 _c68579
_d68579